00504nam a2200193 a 4500001001300000003000900013005001700022008004100039020002300080082001300103100001900116245006600135260002600201300000800227500003500235505001000270650001100280700001900291nice12345678IN_TiNIC20260116013038.0050524s1994 lona grp 000 0 eng  a009942 c15000a170bSAI aSaid, Edward W aRepresentations of the Intellectualb the 1993 Reith Lectures aLondonbVintagec1994 a90p aincludes index and biblioraphy2 aIndex aEthics1 aSaid, Edward W